[Event "1SM"]
[Site "Sharjah Chess Club"]
[Date "2017.03.26"]
[Round "4.32"]
[White "Panesar, Vedant"]
[Black "Harika, Dronavalli"]
[Result "0-1"]
[BlackElo "2539"]
[WhiteElo "2036"]
[LiveChessVersion "1.4.8"]

1. Nf3 {[%clk 1:40:52]} Nf6 {[%clk 1:39:45]} 2. c4 {[%clk 1:41:12]} g6
{[%clk 1:38:45]} 3. g3 {[%clk 1:40:26]} Bg7 {[%clk 1:37:58]} 4. Bg2
{[%clk 1:40:49]} d6 {[%clk 1:38:09]} 5. d4 {[%clk 1:41:12]} O-O {[%clk 1:38:06]}
6. O-O {[%clk 1:41:36]} Nbd7 {[%clk 1:37:40]} 7. Nc3 {[%clk 1:41:53]} e5
{[%clk 1:35:18]} 8. dxe5 {[%clk 1:40:03]} dxe5 {[%clk 1:34:25]} 9. h3
{[%clk 1:39:03]} c6 {[%clk 1:32:55]} 10. Qd6 {[%clk 1:34:44]} Re8
{[%clk 1:25:30]} 11. Be3 {[%clk 1:22:27]} Bf8 {[%clk 1:17:44]} 12. Qd2
{[%clk 1:22:03]} Qc7 {[%clk 1:18:06]} 13. Ng5 {[%clk 1:07:59]} h6
{[%clk 1:03:10]} 14. Nf3 {[%clk 0:53:01]} Kh7 {[%clk 1:02:05]} 15. g4
{[%clk 0:50:47]} Nc5 {[%clk 0:57:37]} 16. g5 {[%clk 0:42:45]} Nfe4
{[%clk 0:56:19]} 17. Qc1 {[%clk 0:43:12]} Nxc3 {[%clk 0:54:15]} 18. Qxc3
{[%clk 0:40:19]} Ne4 {[%clk 0:51:41]} 19. Qc1 {[%clk 0:40:18]} hxg5
{[%clk 0:49:44]} 20. Nxg5+ {[%clk 0:39:19]} Nxg5 {[%clk 0:50:06]} 21. Bxg5
{[%clk 0:39:47]} Bg7 {[%clk 0:49:55]} 22. Qc3 {[%clk 0:34:37]} Be6
{[%clk 0:49:37]} 23. c5 {[%clk 0:34:09]} e4 {[%clk 0:45:08]} 24. Bf6
{[%clk 0:34:02]} Bxf6 {[%clk 0:45:30]} 25. Qxf6 {[%clk 0:34:30]} Bd5
{[%clk 0:45:50]} 26. h4 {[%clk 0:29:29]} Re6 {[%clk 0:40:39]} 27. Qg5
{[%clk 0:28:19]} Re5 {[%clk 0:40:17]} 28. Qg3 {[%clk 0:27:48]} Qe7
{[%clk 0:40:36]} 29. Bh3 {[%clk 0:26:41]} Rh8 {[%clk 0:39:51]} 30. Kg2
{[%clk 0:25:27]} Kg8 {[%clk 0:37:00]} 31. Bg4 {[%clk 0:23:56]} Rxh4
{[%clk 0:35:26]} 32. f4 {[%clk 0:23:57]} exf3+ {[%clk 0:35:49]} 33. exf3
{[%clk 0:24:25]} Rxg4 {[%clk 0:36:02]} 0-1

[Event "1SM"]
[Site "Sharjah Chess Club"]
[Date "2017.03.26"]
[Round "4.33"]
[White "Vishnu, Prasanna. V"]
[Black "Soyunlu, Narmin"]
[Result "1-0"]
[BlackElo "2032"]
[WhiteElo "2534"]
[LiveChessVersion "1.4.8"]

1. c4 {[%clk 1:40:56]} c5 {[%clk 1:39:08]} 2. Nf3 {[%clk 1:41:13]} Nc6
{[%clk 1:39:19]} 3. d4 {[%clk 1:41:33]} cxd4 {[%clk 1:39:09]} 4. Nxd4
{[%clk 1:41:58]} g6 {[%clk 1:39:27]} 5. e4 {[%clk 1:41:49]} Bg7 {[%clk 1:39:39]}
6. Be3 {[%clk 1:42:07]} d6 {[%clk 1:38:03]} 7. Nc3 {[%clk 1:42:26]} Nf6
{[%clk 1:38:17]} 8. Be2 {[%clk 1:42:47]} O-O {[%clk 1:38:29]} 9. O-O
{[%clk 1:43:12]} Bd7 {[%clk 1:28:30]} 10. Nc2 {[%clk 1:42:33]} Ne8
{[%clk 1:20:27]} 11. Qd2 {[%clk 1:38:27]} Nc7 {[%clk 1:19:15]} 12. b4
{[%clk 1:33:26]} Ne6 {[%clk 1:05:50]} 13. Rac1 {[%clk 1:28:33]} f5
{[%clk 0:55:27]} 14. exf5 {[%clk 1:27:09]} gxf5 {[%clk 0:55:00]} 15. f4
{[%clk 1:27:24]} b6 {[%clk 0:48:51]} 16. Nd5 {[%clk 1:26:01]} Rc8
{[%clk 0:48:17]} 17. Bf2 {[%clk 1:25:20]} Nc7 {[%clk 0:39:46]} 18. Bh4
{[%clk 1:22:06]} Be6 {[%clk 0:34:38]} 19. Bf3 {[%clk 1:18:48]} Bxd5
{[%clk 0:31:28]} 20. cxd5 {[%clk 1:19:10]} Nb8 {[%clk 0:31:41]} 21. Rfe1
{[%clk 1:18:52]} Bf6 {[%clk 0:31:15]} 22. Bxf6 {[%clk 1:18:55]} Rxf6
{[%clk 0:29:20]} 23. Nd4 {[%clk 1:19:17]} Qd7 {[%clk 0:26:54]} 24. Re3
{[%clk 1:19:30]} Rh6 {[%clk 0:23:36]} 25. Rec3 {[%clk 1:17:55]} Nba6
{[%clk 0:22:30]} 26. Ne6 {[%clk 1:17:52]} 1-0

[Event "1SM"]
[Site "Sharjah Chess Club"]
[Date "2017.03.26"]
[Round "4.34"]
[White "Sunilduth Lyna, Narayanan"]
[Black "Salim, Mohammed Salim Al Amri"]
[Result "1-0"]
[BlackElo "2024"]
[WhiteElo "2526"]
[LiveChessVersion "1.4.8"]

1. d4 {[%clk 1:40:56]} Nf6 {[%clk 1:40:52]} 2. c4 {[%clk 1:40:32]} e6
{[%clk 1:41:04]} 3. Nf3 {[%clk 1:40:42]} d5 {[%clk 1:41:18]} 4. Nc3
{[%clk 1:40:46]} Bb4 {[%clk 1:41:18]} 5. cxd5 {[%clk 1:39:58]} exd5
{[%clk 1:41:29]} 6. Bf4 {[%clk 1:40:15]} O-O {[%clk 1:41:36]} 7. Rc1
{[%clk 1:39:47]} c6 {[%clk 1:39:26]} 8. e3 {[%clk 1:39:58]} Bf5 {[%clk 1:39:16]}
9. Be2 {[%clk 1:37:20]} Ne4 {[%clk 1:36:19]} 10. Qb3 {[%clk 1:36:22]} Qe7
{[%clk 1:34:10]} 11. O-O {[%clk 1:35:58]} Bd6 {[%clk 1:31:20]} 12. Nxe4
{[%clk 1:35:24]} Bxf4 {[%clk 1:26:42]} 13. Nc5 {[%clk 1:35:13]} b6
{[%clk 1:26:14]} 14. Na6 {[%clk 1:32:48]} Rc8 {[%clk 1:16:41]} 15. exf4
{[%clk 1:32:01]} Qxe2 {[%clk 1:12:48]} 16. Nc7 {[%clk 1:32:21]} Rxc7
{[%clk 1:12:35]} 17. Rfe1 {[%clk 1:32:47]} Qxe1+ {[%clk 1:11:48]} 18. Rxe1
{[%clk 1:32:54]} Nd7 {[%clk 1:11:58]} 19. Nh4 {[%clk 1:32:26]} Be4
{[%clk 1:10:23]} 20. f3 {[%clk 1:32:38]} g5 {[%clk 1:10:46]} 21. fxe4
{[%clk 1:31:52]} gxh4 {[%clk 1:11:06]} 22. exd5 {[%clk 1:32:17]} Nf6
{[%clk 1:10:59]} 23. dxc6 {[%clk 1:29:36]} Rxc6 {[%clk 1:11:06]} 24. Qh3
{[%clk 1:28:32]} Rd8 {[%clk 1:10:08]} 25. Qxh4 {[%clk 1:28:25]} Rxd4
{[%clk 1:10:07]} 26. Qg5+ {[%clk 1:28:48]} Kf8 {[%clk 1:09:39]} 27. h3
{[%clk 1:10:06]} Rcd6 {[%clk 1:08:52]} 28. Rc1 {[%clk 1:06:49]} Ke8
{[%clk 1:06:03]} 29. Rc7 {[%clk 1:05:38]} Rd7 {[%clk 0:47:55]} 30. Rc8+
{[%clk 1:06:02]} Rd8 {[%clk 0:47:04]} 31. Qe5+ {[%clk 1:05:18]} Kf8
{[%clk 0:47:11]} 32. Qxd4 {[%clk 1:05:34]} Rxc8 {[%clk 0:47:28]} 33. Qxf6
{[%clk 1:06:01]} 1-0

[Event "1SM"]
[Site "Sharjah Chess Club"]
[Date "2017.03.26"]
[Round "4.35"]
[White "Karthikeyan, P."]
[Black "Ali, Abdulaziz"]
[Result "1-0"]
[BlackElo "2007"]
[WhiteElo "2507"]
[LiveChessVersion "1.4.8"]

1. Nf3 {[%clk 1:40:56]} d5 {[%clk 1:26:51]} 2. d4 {[%clk 1:40:59]} Nf6
{[%clk 1:26:46]} 3. g3 {[%clk 1:41:24]} e6 {[%clk 1:23:16]} 4. Bg2
{[%clk 1:41:32]} c5 {[%clk 1:23:40]} 5. O-O {[%clk 1:40:43]} Nc6 {[%clk 1:23:50]}
6. c4 {[%clk 1:40:33]} dxc4 {[%clk 1:21:42]} 7. dxc5 {[%clk 1:38:30]} Bxc5
{[%clk 1:07:47]} 8. Qxd8+ {[%clk 1:30:34]} Kxd8 {[%clk 1:06:38]} 9. Nbd2
{[%clk 1:28:02]} c3 {[%clk 1:04:37]} 10. bxc3 {[%clk 1:27:31]} Ke7
{[%clk 1:01:24]} 11. Nb3 {[%clk 1:27:23]} Bd6 {[%clk 1:01:46]} 12. Nfd4
{[%clk 1:25:59]} Nd5 {[%clk 0:58:09]} 13. Nb5 {[%clk 1:12:03]} Rd8
{[%clk 0:33:42]} 14. c4 {[%clk 1:05:37]} Ndb4 {[%clk 0:28:21]} 15. Ba3
{[%clk 1:03:32]} Nc2 {[%clk 0:18:01]} 16. Bxd6+ {[%clk 1:01:55]} Rxd6
{[%clk 0:18:18]} 17. Nxd6 {[%clk 1:01:54]} Kxd6 {[%clk 0:17:48]} 18. Rad1+
{[%clk 1:01:06]} Ke7 {[%clk 0:17:28]} 19. Rd2 {[%clk 0:58:03]} N2b4
{[%clk 0:13:47]} 20. Nc5 {[%clk 0:56:04]} Rb8 {[%clk 0:10:38]} 1-0

[Event "1SM"]
[Site "Sharjah Chess Club"]
[Date "2017.03.27"]
[Round "5.2"]
[White "Adhiban, B."]
[Black "Kravtsiv, Martyn"]
[Result "1/2-1/2"]
[BlackElo "2641"]
[WhiteElo "2682"]
[LiveChessVersion "1.4.8"]

1. Nf3 {[%clk 1:40:22]} Nf6 {[%clk 1:40:08]} 2. d4 {[%clk 1:40:29]} e6
{[%clk 1:40:19]} 3. Bg5 {[%clk 1:40:51]} d5 {[%clk 1:40:08]} 4. Nbd2
{[%clk 1:37:05]} Be7 {[%clk 1:39:30]} 5. e3 {[%clk 1:37:27]} h6 {[%clk 1:38:19]}
6. Bh4 {[%clk 1:37:53]} Nbd7 {[%clk 1:38:17]} 7. Bd3 {[%clk 1:37:34]} b6
{[%clk 1:37:44]} 8. c3 {[%clk 1:17:59]} Bb7 {[%clk 1:31:49]} 9. Qb1
{[%clk 1:18:16]} O-O {[%clk 1:24:53]} 10. b4 {[%clk 1:07:01]} Nh5
{[%clk 1:11:04]} 11. Bxe7 {[%clk 1:06:54]} Qxe7 {[%clk 1:11:28]} 12. O-O
{[%clk 1:06:19]} e5 {[%clk 1:00:44]} 13. Nxe5 {[%clk 1:03:04]} Nxe5
{[%clk 1:01:05]} 14. dxe5 {[%clk 1:03:31]} Qxe5 {[%clk 1:01:28]} 15. Nf3
{[%clk 1:03:31]} Qe7 {[%clk 1:01:46]} 16. Nd4 {[%clk 0:55:58]} Nf6
{[%clk 0:56:38]} 17. a4 {[%clk 0:48:27]} c5 {[%clk 0:53:07]} 18. Nf5
{[%clk 0:46:25]} Qc7 {[%clk 0:52:47]} 19. h3 {[%clk 0:37:30]} Ne4
{[%clk 0:31:36]} 20. Bxe4 {[%clk 0:32:20]} dxe4 {[%clk 0:31:52]} 21. Qd1
{[%clk 0:32:24]} Qe5 {[%clk 0:15:28]} 22. Qd7 {[%clk 0:32:16]} Bc8
{[%clk 0:15:44]} 23. Qd5 {[%clk 0:30:57]} Qxd5 {[%clk 0:13:18]} 24. Ne7+
{[%clk 0:31:26]} Kh7 {[%clk 0:13:42]} 25. Nxd5 {[%clk 0:31:53]} cxb4
{[%clk 0:09:23]} 26. Nc7 {[%clk 0:29:17]} Rb8 {[%clk 0:09:47]} 27. cxb4
{[%clk 0:29:44]} Rb7 {[%clk 0:09:10]} 28. Nb5 {[%clk 0:25:33]} Bd7
{[%clk 0:07:01]} 29. Nd4 {[%clk 0:23:05]} Rc8 {[%clk 0:06:54]} 30. b5
{[%clk 0:23:08]} Rc5 {[%clk 0:06:14]} 31. Rfb1 {[%clk 0:20:26]} g6
{[%clk 0:03:44]} 32. Rc1 {[%clk 0:16:30]} Rbc7 {[%clk 0:03:51]} 33. Rxc5
{[%clk 0:16:53]} Rxc5 {[%clk 0:04:08]} 34. a5 {[%clk 0:17:15]} Bxb5
{[%clk 0:04:20]} 35. axb6 {[%clk 0:17:34]} axb6 {[%clk 0:04:42]} 36. Rb1
{[%clk 0:18:01]} Bd3 {[%clk 0:03:51]} 37. Rxb6 {[%clk 0:18:28]} Kg7
{[%clk 0:04:14]} 38. Kh2 {[%clk 0:18:51]} Rc1 {[%clk 0:04:22]} 39. h4
{[%clk 0:18:44]} Rf1 {[%clk 0:03:55]} 40. Kg3 {[%clk 0:17:50]} Rg1
{[%clk 0:03:56]} 41. Rb7 {[%clk 0:17:30]} Kf6 {[%clk 0:02:51]} 42. Rb6+
{[%clk 0:15:27]} Kg7 {[%clk 0:03:14]} 43. Kh2 {[%clk 0:15:22]} Rf1
{[%clk 0:03:39]} 44. Rb2 {[%clk 0:14:59]} Kf6 {[%clk 0:03:26]} 45. Kg3
{[%clk 0:11:53]} Rg1 {[%clk 0:03:50]} 46. Rb6+ {[%clk 0:11:26]} Kg7
{[%clk 0:04:13]} 47. Rb7 {[%clk 0:11:53]} 1/2-1/2

[Event "1SM"]
[Site "Sharjah Chess Club"]
[Date "2017.03.27"]
[Round "5.3"]
[White "Fressinet, Laurent"]
[Black "Amin, Bassem"]
[Result "1/2-1/2"]
[BlackElo "2660"]
[WhiteElo "2662"]
[LiveChessVersion "1.4.8"]

1. e4 {[%clk 1:40:26]} e5 {[%clk 1:39:25]} 2. Nf3 {[%clk 1:40:49]} Nc6
{[%clk 1:39:49]} 3. Bc4 {[%clk 1:41:13]} Nf6 {[%clk 1:39:56]} 4. d3
{[%clk 1:41:37]} Bc5 {[%clk 1:39:41]} 5. O-O {[%clk 1:41:40]} O-O
{[%clk 1:39:27]} 6. a4 {[%clk 1:41:50]} a6 {[%clk 1:37:17]} 7. c3
{[%clk 1:41:46]} d6 {[%clk 1:37:23]} 8. Re1 {[%clk 1:39:40]} Ba7 {[%clk 1:37:44]}
9. h3 {[%clk 1:39:57]} h6 {[%clk 1:37:09]} 10. Nbd2 {[%clk 1:39:43]} Be6
{[%clk 1:36:27]} 11. b4 {[%clk 1:33:26]} Re8 {[%clk 1:36:13]} 12. Bxe6
{[%clk 1:28:25]} Rxe6 {[%clk 1:36:03]} 13. Qc2 {[%clk 1:27:47]} d5
{[%clk 1:27:05]} 14. Nb3 {[%clk 1:25:45]} Ne7 {[%clk 1:21:56]} 15. exd5
{[%clk 1:23:06]} Qxd5 {[%clk 1:21:50]} 16. c4 {[%clk 1:21:55]} Qd6
{[%clk 1:22:11]} 17. Nc5 {[%clk 1:16:06]} Bxc5 {[%clk 1:21:35]} 18. bxc5
{[%clk 1:16:30]} Qxc5 {[%clk 1:21:40]} 19. Ba3 {[%clk 1:16:17]} Qa5
{[%clk 1:19:54]} 20. d4 {[%clk 1:14:30]} Ng6 {[%clk 1:19:02]} 21. Bb2
{[%clk 0:51:38]} e4 {[%clk 1:01:17]} 22. d5 {[%clk 0:48:50]} Ree8
{[%clk 1:01:41]} 23. Nd2 {[%clk 0:47:21]} e3 {[%clk 1:01:27]} 24. Rxe3
{[%clk 0:44:51]} Rxe3 {[%clk 1:01:49]} 25. fxe3 {[%clk 0:45:18]} Qc5
{[%clk 1:01:26]} 26. Bd4 {[%clk 0:39:50]} Qe7 {[%clk 1:00:57]} 27. Qf5
{[%clk 0:37:24]} c5 {[%clk 0:52:16]} 28. Bxf6 {[%clk 0:32:52]} Qxe3+
{[%clk 0:51:53]} 29. Qf2 {[%clk 0:33:16]} Qxf2+ {[%clk 0:52:16]} 30. Kxf2
{[%clk 0:33:42]} gxf6 {[%clk 0:52:39]} 31. Rb1 {[%clk 0:33:03]} Rb8
{[%clk 0:52:40]} 32. Ne4 {[%clk 0:21:10]} Ne5 {[%clk 0:52:50]} 33. Nxc5
{[%clk 0:17:39]} Rc8 {[%clk 0:38:15]} 34. Nxb7 {[%clk 0:17:50]} Rxc4
{[%clk 0:38:39]} 35. a5 {[%clk 0:18:13]} Rd4 {[%clk 0:36:49]} 36. Rb6
{[%clk 0:17:05]} Rxd5 {[%clk 0:37:00]} 37. Rxa6 {[%clk 0:17:30]} Kg7
{[%clk 0:34:14]} 38. Rd6 {[%clk 0:14:03]} Rb5 {[%clk 0:34:02]} 39. a6
{[%clk 0:14:26]} Rb2+ {[%clk 0:34:25]} 40. Kg1 {[%clk 0:12:22]} Ra2
{[%clk 0:34:33]} 41. Nc5 {[%clk 0:12:03]} Ra5 {[%clk 0:33:07]} 42. Nb3
{[%clk 0:05:58]} Ra3 {[%clk 0:32:44]} 43. Nd4 {[%clk 0:04:28]} Nc4
{[%clk 0:32:13]} 44. Rc6 {[%clk 0:04:52]} Ne5 {[%clk 0:32:16]} 45. Rb6
{[%clk 0:04:34]} Nc4 {[%clk 0:32:13]} 1/2-1/2

[Event "1SM"]
[Site "Sharjah Chess Club"]
[Date "2017.03.27"]
[Round "5.4"]
[White "Adly, Ahmed"]
[Black "Kryvoruchko, Yuriy"]
[Result "1/2-1/2"]
[BlackElo "2708"]
[WhiteElo "2593"]
[LiveChessVersion "1.4.8"]

1. Nf3 {[%clk 1:40:24]} Nf6 {[%clk 1:39:42]} 2. g3 {[%clk 1:40:48]} d5
{[%clk 1:40:00]} 3. Bg2 {[%clk 1:41:08]} e6 {[%clk 1:40:23]} 4. O-O
{[%clk 1:41:10]} Be7 {[%clk 1:40:50]} 5. c4 {[%clk 1:41:23]} O-O {[%clk 1:41:11]}
6. d4 {[%clk 1:41:50]} dxc4 {[%clk 1:41:29]} 7. Ne5 {[%clk 1:42:15]} Nc6
{[%clk 1:41:37]} 8. Nxc6 {[%clk 1:42:39]} bxc6 {[%clk 1:42:02]} 9. Na3
{[%clk 1:43:06]} Bxa3 {[%clk 1:40:20]} 10. bxa3 {[%clk 1:43:25]} Ba6
{[%clk 1:26:38]} 11. Qd2 {[%clk 1:43:24]} Rb8 {[%clk 1:24:38]} 12. Qa5
{[%clk 1:43:47]} Qc8 {[%clk 1:24:59]} 13. a4 {[%clk 1:44:10]} Rd8
{[%clk 1:24:46]} 14. Ba3 {[%clk 1:44:34]} Rxd4 {[%clk 1:24:45]} 15. Rfb1
{[%clk 1:41:33]} Rb6 {[%clk 1:24:02]} 16. Bc5 {[%clk 1:42:00]} Rd8
{[%clk 1:22:20]} 17. Rd1 {[%clk 1:40:05]} Rxd1+ {[%clk 1:21:58]} 18. Rxd1
{[%clk 1:40:28]} Rb8 {[%clk 1:22:21]} 19. e4 {[%clk 1:17:42]} Nd7
{[%clk 0:56:22]} 20. Bxa7 {[%clk 1:15:39]} Ra8 {[%clk 0:55:55]} 21. Be3
{[%clk 1:16:06]} Bb7 {[%clk 0:44:05]} 22. Qb4 {[%clk 1:09:47]} c5
{[%clk 0:33:30]} 23. Qxc4 {[%clk 1:03:29]} 1/2-1/2

[Event "1SM"]
[Site "Sharjah Chess Club"]
[Date "2017.03.27"]
[Round "5.5"]
[White "Gledura, Benjamin"]
[Black "Akopian, Vladimir"]
[Result "1/2-1/2"]
[BlackElo "2675"]
[WhiteElo "2588"]
[LiveChessVersion "1.4.8"]

1. d4 {[%clk 1:40:26]} Nf6 {[%clk 1:38:34]} 2. Nf3 {[%clk 1:40:38]} e6
{[%clk 1:38:09]} 3. g3 {[%clk 1:40:50]} b5 {[%clk 1:38:14]} 4. Bg2
{[%clk 1:41:09]} Bb7 {[%clk 1:38:30]} 5. O-O {[%clk 1:41:18]} c5 {[%clk 1:36:00]}
6. c3 {[%clk 1:41:34]} Na6 {[%clk 1:32:00]} 7. e3 {[%clk 1:37:44]} Be7
{[%clk 1:24:06]} 8. Qe2 {[%clk 1:36:08]} b4 {[%clk 1:23:03]} 9. c4
{[%clk 1:24:42]} O-O {[%clk 1:20:16]} 10. b3 {[%clk 1:20:58]} d5 {[%clk 1:16:54]}
11. Bb2 {[%clk 1:19:56]} cxd4 {[%clk 1:02:46]} 12. exd4 {[%clk 1:16:12]} Nb8
{[%clk 1:01:53]} 13. Nbd2 {[%clk 1:13:52]} a5 {[%clk 1:01:06]} 14. Ne5
{[%clk 0:51:53]} a4 {[%clk 1:00:32]} 15. Rac1 {[%clk 0:50:44]} axb3
{[%clk 0:55:43]} 16. axb3 {[%clk 0:50:52]} Ra2 {[%clk 0:55:35]} 17. Rc2
{[%clk 0:49:55]} dxc4 {[%clk 0:47:16]} 18. bxc4 {[%clk 0:49:11]} Bxg2
{[%clk 0:47:34]} 19. Kxg2 {[%clk 0:49:34]} Nfd7 {[%clk 0:46:07]} 20. Nd3
{[%clk 0:47:10]} Nc6 {[%clk 0:38:27]} 21. Nb3 {[%clk 0:41:39]} Nf6
{[%clk 0:34:22]} 22. Qf3 {[%clk 0:39:20]} Na5 {[%clk 0:32:03]} 23. Ndc1
{[%clk 0:36:45]} Ra4 {[%clk 0:30:28]} 24. Rd1 {[%clk 0:34:19]} Nxb3
{[%clk 0:28:33]} 25. Nxb3 {[%clk 0:34:17]} Ra6 {[%clk 0:21:17]} 26. d5
{[%clk 0:31:55]} exd5 {[%clk 0:21:39]} 27. cxd5 {[%clk 0:32:12]} Nd7
{[%clk 0:19:20]} 28. Qe2 {[%clk 0:20:42]} Nb8 {[%clk 0:16:48]} 29. Qc4
{[%clk 0:19:06]} Bf6 {[%clk 0:12:52]} 30. Qxb4 {[%clk 0:14:13]} Bxb2
{[%clk 0:13:02]} 31. Rxb2 {[%clk 0:14:37]} Nd7 {[%clk 0:12:34]} 32. Rbd2
{[%clk 0:07:55]} Qa8 {[%clk 0:11:25]} 33. Qe7 {[%clk 0:05:22]} Nf6
{[%clk 0:11:16]} 34. Nc5 {[%clk 0:02:25]} Re8 {[%clk 0:08:56]} 35. Qc7
{[%clk 0:01:39]} Ra5 {[%clk 0:05:33]} 36. Qb6 {[%clk 0:01:26]} 1/2-1/2

[Event "1SM"]
[Site "Sharjah Chess Club"]
[Date "2017.03.27"]
[Round "5.6"]
[White "Srija, Seshadri"]
[Black "Kuzubov, Yuriy"]
[Result "1/2-1/2"]
[BlackElo "2643"]
[WhiteElo "2166"]
[LiveChessVersion "1.4.8"]

1. e4 {[%clk 1:40:26]} d6 {[%clk 1:40:20]} 2. d4 {[%clk 1:40:43]} Nf6
{[%clk 1:40:44]} 3. Nc3 {[%clk 1:41:04]} e5 {[%clk 1:41:06]} 4. Nf3
{[%clk 1:39:46]} Nbd7 {[%clk 1:41:12]} 5. Be3 {[%clk 1:39:29]} Be7
{[%clk 1:39:12]} 6. h3 {[%clk 1:38:02]} c6 {[%clk 1:29:06]} 7. a4
{[%clk 1:32:49]} O-O {[%clk 1:28:37]} 8. Bc4 {[%clk 1:32:25]} Nxe4
{[%clk 0:41:34]} 9. Nxe4 {[%clk 1:25:39]} d5 {[%clk 0:41:03]} 10. O-O
{[%clk 1:19:53]} exd4 {[%clk 0:38:53]} 11. Qxd4 {[%clk 1:19:50]} dxc4
{[%clk 0:38:55]} 12. Qxc4 {[%clk 1:19:50]} Nb6 {[%clk 0:37:48]} 13. Qe2
{[%clk 1:19:06]} Nd5 {[%clk 0:36:34]} 14. Rad1 {[%clk 1:13:27]} Qa5
{[%clk 0:29:52]} 15. Bd2 {[%clk 1:12:33]} Qc7 {[%clk 0:30:06]} 16. Rfe1
{[%clk 1:07:45]} Bf5 {[%clk 0:25:55]} 17. c4 {[%clk 1:00:49]} Nf4
{[%clk 0:22:43]} 18. Qe3 {[%clk 0:55:40]} Ne6 {[%clk 0:21:47]} 19. Bc3
{[%clk 0:55:27]} Rfd8 {[%clk 0:19:29]} 20. Nd4 {[%clk 0:48:43]} Nxd4
{[%clk 0:19:40]} 21. Rxd4 {[%clk 0:48:19]} Rxd4 {[%clk 0:13:31]} 22. Qxd4
{[%clk 0:47:10]} f6 {[%clk 0:13:53]} 23. c5 {[%clk 0:39:05]} Bxe4
{[%clk 0:11:09]} 24. Qxe4 {[%clk 0:38:49]} Bf8 {[%clk 0:11:14]} 25. Rd1
{[%clk 0:36:13]} Qf7 {[%clk 0:09:51]} 26. Qf5 {[%clk 0:35:18]} Re8
{[%clk 0:09:06]} 27. Rd7 {[%clk 0:35:09]} Re7 {[%clk 0:08:57]} 28. Rd8
{[%clk 0:35:25]} Qe6 {[%clk 0:08:30]} 29. Qxe6+ {[%clk 0:29:02]} Rxe6
{[%clk 0:08:57]} 30. Bd2 {[%clk 0:26:29]} Kf7 {[%clk 0:07:42]} 31. Be3
{[%clk 0:26:22]} f5 {[%clk 0:07:08]} 32. g3 {[%clk 0:24:28]} g6 {[%clk 0:05:32]}
33. b4 {[%clk 0:22:55]} a6 {[%clk 0:03:58]} 34. Bg5 {[%clk 0:21:59]} Be7
{[%clk 0:01:51]} 35. Bxe7 {[%clk 0:20:33]} Rxe7 {[%clk 0:02:14]} 36. f4
{[%clk 0:19:29]} Rc7 {[%clk 0:01:24]} 37. Kf2 {[%clk 0:18:30]} Ke7
{[%clk 0:01:49]} 38. Rd4 {[%clk 0:17:25]} Rc8 {[%clk 0:01:38]} 39. a5
{[%clk 0:17:35]} Rf8 {[%clk 0:01:23]} 40. h4 {[%clk 0:16:37]} Rf6
{[%clk 0:01:27]} 41. Kf3 {[%clk 0:15:42]} Re6 {[%clk 0:01:45]} 42. Kf2
{[%clk 0:15:56]} Ke8 {[%clk 0:00:43]} 43. Kf3 {[%clk 0:15:53]} Re1
{[%clk 0:01:01]} 44. Kf2 {[%clk 0:16:08]} Rb1 {[%clk 0:01:25]} 45. Kf3
{[%clk 0:16:24]} Rb3+ {[%clk 0:01:43]} 46. Kf2 {[%clk 0:16:27]} Ke7
{[%clk 0:02:04]} 47. Kg2 {[%clk 0:16:43]} Rb2+ {[%clk 0:01:34]} 48. Kf3
{[%clk 0:17:07]} Rc2 {[%clk 0:01:48]} 49. Ke3 {[%clk 0:17:22]} Rc1
{[%clk 0:01:17]} 50. Kf3 {[%clk 0:17:38]} Rc3+ {[%clk 0:01:21]} 51. Kf2
{[%clk 0:18:03]} Ke8 {[%clk 0:01:36]} 52. Kg2 {[%clk 0:18:20]} Rb3
{[%clk 0:01:34]} 53. Kf2 {[%clk 0:18:40]} Ke7 {[%clk 0:01:58]} 54. Kg2
{[%clk 0:18:52]} Ra3 {[%clk 0:02:21]} 55. Kf2 {[%clk 0:19:09]} Ke6
{[%clk 0:02:35]} 56. Rd6+ {[%clk 0:19:32]} Ke7 {[%clk 0:02:50]} 57. Rd4
{[%clk 0:19:57]} Ra1 {[%clk 0:02:42]} 58. Kf3 {[%clk 0:20:09]} Re1
{[%clk 0:03:04]} 59. Kf2 {[%clk 0:20:05]} Re6 {[%clk 0:03:26]} 60. Kf3
{[%clk 0:20:19]} h6 {[%clk 0:03:49]} 61. Kf2 {[%clk 0:20:10]} h5 {[%clk 0:02:40]}
62. Kf3 {[%clk 0:20:24]} Re1 {[%clk 0:02:58]} 63. Kf2 {[%clk 0:20:37]} Rb1
{[%clk 0:02:57]} 64. Kf3 {[%clk 0:20:56]} Rb2 {[%clk 0:03:07]} 65. Ke3
{[%clk 0:21:16]} Rb3+ {[%clk 0:03:03]} 66. Kf2 {[%clk 0:21:40]} Rb2+ 1/2-1/2